Music for the modern dance /

Bibliographic Details
Main Author: Gilbert, Pia, 1921-
Other Authors: Lockhart, Aileene
Format: Book
Language:English
Published: Dubuque, Iowa : W. C. Brown Co., [1961]
Subjects:

MARC

Tag First Indicator Second Indicator Subfields
LEADER 00000cam a2200000 4500
001 in00000030475
005 20151007061615.0
008 720111s1961 iauag 00010 eng u
010 |a  60053257  
035 |a (OCoLC)00193988 
035 |9 AAD2570AM 
040 |c KSU  |d TXA  |d UtOrBLW 
049 |a TXAM  |c [465184] 
050 0 |a ML3460  |b .G5 
092 |a 781.55  |b G465m 
100 1 |a Gilbert, Pia,  |d 1921- 
245 1 0 |a Music for the modern dance /  |c [by] Pia Gilbert and Aileene Lockhart. Music by Pia Gilbert. Illus. by Carol and Robert Scothorn. 
264 1 |a Dubuque, Iowa :  |b W. C. Brown Co.,  |c [1961] 
300 |a 120 pages :  |b illustrations, music. ;  |c 32 cm. 
336 |a text  |b txt  |2 rdacontent 
337 |a unmediated  |b n  |2 rdamedia 
338 |a volume  |b nc  |2 rdacarrier 
500 |a The music is for piano. 
500 |a "Recordings specially selected for modern dance": pages 65-69. 
650 0 |a Modern dance. 
650 0 |a Dance music. 
700 1 |a Lockhart, Aileene.  |t Music for the modern dance. 
999 |a MARS 
999 f f |s 0b5603d5-fca5-3642-aafb-8aa7f2e9d32f  |i c704ab9f-f5d6-3ddc-82aa-da14f4a49daf  |t 0 
952 f f |p ric  |a Texas A&M University  |b Rellis Campus  |c Joint Library Facility  |d Remote Storage  |t 0  |e ML3460 .G5  |h Library of Congress classification  |i unmediated -- volume  |m A14801169723 
998 f f |a ML3460 .G5  |t 0  |l Remote Storage